00461nam a2200121Ia 4500008004100000245019800041260001700239260000900256300000900265650002300274650001200297856003000309170516s9999 xx 000 0 und d 4aThe Architecture and Biological Function of Dual Antibody-Coated Dendrimers: Enhanced Control of Circulating Tumor cells and Their Hetero-Adhesion to Endothelial Cells for Metastasis Prevention bTheranostics c2014 a4:12 xMedical Technology xMedtech uhttp://www.thno.org/v4i12